Sundry rules and directions for drawing up a regiment, posting the officers, &c : Taken from the best and latest authority; for the use and benefit of the First Regiment of Militia in the County of Middlesex. /

Bibliographic Details
Main Author: Brattle, William, 1706-1776
Format: eBook
Language:English
Series:Early American imprints. Evans (1639-1800) ; no. 42420.
Subjects:
Online Access:Evans Digital Edition

MARC

Tag First Indicator Second Indicator Subfields
LEADER 00000cam a2200000 a 4500
001 in00002152002
006 m e d #
007 cr mn mmmmabba
008 810909r17731733mau s 000 0 eng d
005 20260331160317.8
035 |z w022385 
035 |a MAAR8109092806B 
035 |9 mwa91-53265 
035 |a 315097 
035 |a aas03022385 
040 |a MWA  |c MWA  |e bdrb  |d UtOrBLW 
100 1 |a Brattle, William,  |d 1706-1776. 
245 1 0 |a Sundry rules and directions for drawing up a regiment, posting the officers, &c :  |b Taken from the best and latest authority; for the use and benefit of the First Regiment of Militia in the County of Middlesex. /  |c By William Brattle, major of said regiment, A.D. 1733, and now major general of the province. 
264 3 |a Boston :  |b Printed 1733. Re-printed and sold by Mills and Hicks,  |c M,DCC,LXXIII. [1773] 
300 |a 24 pages ;  |c 18 cm. (duodecimo) 
336 |a text  |b txt  |2 rdacontent 
337 |a computer  |b c  |2 rdamedia 
338 |a online resource  |b cr  |2 rdacarrier 
510 4 |a Bristol  |c B3539 
510 4 |a Shipton & Mooney  |c 42420 
530 |a Microform version available in the Readex Early American Imprints series. 
533 |a Electronic text and image data.  |b [Chester, Vt. :  |c Readex, a division of Newsbank, Inc.,  |d 2002-2004.  |e Includes files in TIFF, GIF and PDF formats with inclusion of keyword searchable text.  |f (Early American imprints. First series ; no. 42420). 
500 |a Electronic resource. 
650 0 |a Military art and science  |v Handbooks, manuals, etc. 
650 0 |a Infantry drill and tactics. 
651 0 |a Massachusetts  |x Militia. 
752 |a United States  |b Massachusetts  |d Boston. 
830 0 |a Early American imprints.  |n Series I,  |p Evans (1639-1800) ;  |v no. 42420. 
856 4 1 |u http://proxy.library.tamu.edu/login?url=https://opac.newsbank.com/select/evans/42420  |y Evans Digital Edition  |t 0 
999 |a MARS 
999 f f |s 9b4e470a-d76c-35ac-a5ec-25bd0df3bc5a  |i f8a763b6-6c56-3bbd-b06a-f526f19e1f0b  |t 0 
952 f f |a Texas A&M University  |b College Station  |c Electronic Resources  |s www_evans  |d Available Online  |t 0  |h No information provided 
998 f f |t 0  |l Available Online